NBA Top 250 Blocks Leaders - Statistics

General Stats
  • This quiz has been taken 12 times
  • The average score is 123 of 250
Answer Stats
Rank Player Blocks % Correct
123 Draymond Green 917
100%
74 Karl Malone 1145
100%
70 LeBron James 1172
100%
8 Shaquille O'Neal 2732
100%
148 Amir Johnson 839
92%
23 Anthony Davis 1848
92%
14 Ben Wallace 2137
92%
Clemon Johnson 717
92%
48 Clifford Robinson 1390
92%
218 Danny Green 634
92%
6 David Robinson 2954
92%
142 David West 850
92%
198 Dennis Johnson 675
92%
56 Dirk Nowitzki 1281
92%
90 Ervin Johnson 1087
92%
18 George Johnson 2082
92%
196 Gerald Wallace 681
92%
205 James Johnson 655
92%
235 Jeff Green 592
92%
3 Kareem Abdul-Jabbar 3189
92%
4 Mark Eaton 3064
92%
46 Mark West 1403
92%
220 Mickey Johnson 632
92%
203 Mitchell Robinson 666
92%
30 Moses Malone 1733
92%
248 Nikola Jokić 568
92%
44 Rasheed Wallace 1460
92%
11 Alonzo Mourning 2356
83%
68 Andre Drummond 1186
83%
130 Antonio Davis 889
83%
Buck Williams 1100
83%
162 Charles Smith 789
83%
117 Chris Bosh 932
83%
58 Dale Davis 1270
83%
37 DeAndre Jordan 1572
83%
2 Dikembe Mutombo 3289
83%
250 Ed Davis 566
83%
69 Elmore Smith 1183
83%
91 Giannis Antetokounmpo 1086
83%
1 Hakeem Olajuwon 3830
83%
34 Herb Williams 1605
83%
45 Hot Rod Williams 1456
83%
197 James Harden 676
83%
145 Jaren Jackson Jr. 846
83%
139 Joe Smith 868
83%
31 Josh Smith 1713
83%
54 Julius Erving 1293
83%
53 Kevin Durant 1321
83%
19 Kevin Garnett 2037
83%
110 LaSalle Thompson 972
83%
17 Manute Bol 2086
83%
61 Marc Gasol 1254
83%
243 Marvin Williams 577
83%
128 Michael Jordan 893
83%
93 Mychal Thompson 1073
83%
7 Patrick Ewing 2894
83%
22 Pau Gasol 1941
83%
26 Rudy Gobert 1808
83%
113 Scottie Pippen 947
83%
5 Tim Duncan 3020
83%
50 Al Horford 1339
75%
16 Brook Lopez 2114
75%
131 Charles Barkley 888
75%
13 Dwight Howard 2228
75%
25 Jermaine O'Neal 1820
75%
67 LaMarcus Aldridge 1187
75%
80 P.J. Brown 1116
75%
97 Robin Lopez 1045
75%
15 Shawn Bradley 2119
75%
154 Tracy McGrady 807
75%
Vince Carter 888
75%
121 Yao Ming 920
75%
100 Bill Walton 1034
67%
109 Bobby Jones 982
67%
Brad Miller 592
67%
40 Caldwell Jones 1517
67%
77 Charles Jones 1134
67%
64 Chris Webber 1200
67%
Dwyane Wade 885
67%
Eddie Jones 580
67%
244 Grant Hill 576
67%
76 Horace Grant 1136
67%
164 Jerami Grant 776
67%
137 Joakim Noah 874
67%
165 Joel Embiid 772
67%
141 Kenyon Martin 864
67%
213 Kobe Bryant 640
67%
146 Kurt Thomas 841
67%
169 Larry Bird 755
67%
12 Marcus Camby 2331
67%
168 Oliver Miller 758
67%
81 Rik Smits 1111
67%
10 Robert Parish 2361
67%
28 Serge Ibaka 1759
67%
57 Shawn Kemp 1279
67%
62 Shawn Marion 1233
67%
51 Tyson Chandler 1335
67%
94 Amar'e Stoudemire 1054
58%
43 Andrei Kirilenko 1461
58%
89 Andrew Bogut 1091
58%
204 Andrew Bynum 657
58%
29 Artis Gilmore 1747
58%
72 Bob McAdoo 1147
58%
209 Carmelo Anthony 644
58%
106 Clint Capela 989
58%
184 Clyde Drexler 719
58%
27 Elvin Hayes 1771
58%
238 Greg Anderson 590
58%
75 Hassan Whiteside 1143
58%
96 Jack Sikma 1048
58%
177 Jarrett Allen 743
58%
127 Jonas Valančiūnas 896
58%
155 Karl-Anthony Towns 802
58%
32 Kevin McHale 1690
58%
Kristaps Porziņģis 932
58%
136 Nikola Vučević 879
58%
52 Zydrunas Ilgauskas 1327
58%
88 Al Jefferson 1093
50%
153 Alvan Adams 808
50%
219 Andre Iguodala 633
50%
120 Antoine Carr 925
50%
111 Bill Laimbeer 965
50%
119 Chris Kaman 931
50%
178 DeMarcus Cousins 742
50%
95 Derrick Coleman 1051
50%
Dominique Wilkins 642
50%
47 Erick Dampier 1398
50%
140 James Edwards 867
50%
201 Jusuf Nurkić 669
50%
41 Myles Turner 1498
50%
Paul Millsap 1045
50%
Ralph Sampson 752
50%
99 Robert Horry 1035
50%
182 Steven Adams 723
50%
21 Theo Ratliff 1968
50%
9 Tree Rollins 2542
50%
249 Andrew Wiggins 567
42%
83 Antonio McDyess 1102
42%
202 Bill Cartwright 668
42%
105 Chris Andersen 991
42%
101 Chris Dudley 1027
42%
Christian Laettner 675
42%
24 Elton Brand 1828
42%
Greg Ostertag 1293
42%
Ivica Zubac 611
42%
224 James Worthy 624
42%
60 JaVale McGee 1258
42%
126 Kendrick Perkins 903
42%
Kevin Willis 750
42%
20 Larry Nance 2027
42%
183 Nenê 721
42%
176 Paul Pierce 745
42%
73 Roy Hibbert 1146
42%
116 Sam Perkins 933
42%
215 Shareef Abdur-Rahim 638
42%
223 Tom Chambers 627
42%
157 Vin Baker 798
42%
33 Vlade Divac 1631
42%
39 Wayne Cooper 1535
42%
65 Adonal Foyle 1193
33%
82 Brendan Haywood 1109
33%
102 Darryl Dawkins 1023
33%
35 Elden Campbell 1602
33%
200 George Gervin 670
33%
156 Jerome Kersey 799
33%
108 John Salley 983
33%
245 Lorenzen Wright 572
33%
133 Marcin Gortat 885
33%
189 Mason Plumlee 703
33%
103 Rick Mahorn 1007
33%
222 Spencer Haywood 629
33%
187 Tony Battie 713
33%
150 Alex English 833
25%
240 Andris Biedriņš 580
25%
36 Benoit Benjamin 1581
25%
85 Bob Lanier 1100
25%
Bo Outlaw 1193
25%
Clarence Weatherspoon 794
25%
79 Dan Roundfield 1117
25%
104 Emeka Okafor 1003
25%
246 Keon Clark 571
25%
129 Lamar Odom 892
25%
190 Michael Olowokandi 697
25%
207 Olden Polynice 651
25%
115 Rasho Nesterović 934
25%
180 Ron Harper 729
25%
138 Rony Seikaly 872
25%
Rudy Gay 798
25%
38 Samuel Dalembert 1546
25%
Stromile Swift 683
25%
208 Terry Cummings 650
25%
Thurl Bailey 1086
25%
42 Alton Lister 1473
17%
230 Armen Gilliam 607
17%
188 Billy Paultz 706
17%
217 Daniel Gafford 637
17%
Danny Manning 752
17%
227 Darko Miličić 613
17%
114 Derrick Favors 939
17%
221 DeSagana Diop 630
17%
166 Jakob Poeltl 768
17%
231 Jamaal Magloire 603
17%
59 James Donaldson 1267
17%
78 Joe Barry Carroll 1122
17%
149 Joel Przybilla 836
17%
Mike Gminski 989
17%
214 Nazr Mohammed 639
17%
194 Nerlens Noel 683
17%
232 Nic Claxton 597
17%
247 Orlando Woolridge 569
17%
71 Sam Lacey 1160
17%
125 Shane Battier 906
17%
206 Spencer Hawes 652
17%
84 Bismack Biyombo 1101
8%
Clifford Ray 638
8%
147 Danny Schayes 840
8%
228 Derrick McKey 611
8%
Donyell Marshall 848
8%
192 Jim McIlvaine 691
8%
211 John Henson 642
8%
161 Jon Koncak 791
8%
151 Marvin Webster 828
8%
170 Pervis Ellison 752
8%
173 Randy Breuer 750
8%
242 Robert Covington 578
8%
135 Roy Hinson 882
8%
124 Sam Bowie 909
8%
112 Taj Gibson 964
8%
49 Terry Tyler 1342
8%
226 Alex Len 615
0%
87 Andrew Lang 1099
0%
159 Ben Poquette 794
0%
233 Cliff Levingston 593
0%
143 Dave Corzine 848
0%
179 Dave Greenwood 736
0%
167 Duane Causwell 767
0%
163 Gar Heard 780
0%
63 Harvey Catchings 1226
0%
210 Jim Chones 643
0%
152 Joe Meriweather 810
0%
193 Kelvin Cato 685
0%
239 Kent Benson 586
0%
225 Kevin Kunnert 616
0%
191 Kurt Nimphius 696
0%
181 Michael Cage 725
0%
185 Nicolas Batum 717
0%
122 Raef LaFrentz 919
0%
175 Rich Kelley 749
0%
Ronny Turiaf 593
0%
237 Tom Burleson 591
0%
No matching quizzes found
Score Distribution
Percent of People with Each Score
Percentile by Number Answered
Your Score History
You have not taken this quiz